[Event "Yerevan ol (Men)"]
[Site "Yerevan"]
[Date "1996.??.??"]
[Round "8"]
[White "Kakageldyev, Amanmurad"]
[Black "Barua, Dibyendu"]
[Result "1-0"]
[WhiteElo "2475"]
[BlackElo "2550"]

1.d4 d5 2.c4 c6 3.Nf3 Nf6 4.Nc3 dxc4 5.a4 Bf5 6.e3 e6 7.Bxc4 Bb4 8.O-O O-O
9.Qe2 Nbd7 10.Rd1 Ne4 11.Nxe4 Bxe4 12.Ne1 Qe7 13.f3 Bg6 14.e4 e5 15.Be3 exd4
16.Bxd4 Ne5 17.Bb3 Rfd8 18.Bf2 Bc5 19.Rac1 Bxf2+ 20.Qxf2 Qb4 21.Qe3 Kf8 22.h3 f6
23.Nc2 Qb6 24.Nd4 Bf7 25.Bxf7 Kxf7 26.f4 c5 27.Nf5 Nc4 28.Qe2 Nxb2 29.a5 Qb4
30.Rxd8 Rxd8 31.Rb1 Rd2 32.Qh5+ Kf8 33.Qxh7 Qxe4 34.Qxg7+ Ke8 35.Rxb2 Qe1+
36.Kh2 Rxb2 37.Qg8+ Kd7 38.Qd5+ Ke8 39.Qg8+ Kd7 40.Qd5+ Ke8 41.Nd6+ Ke7 42.Ne4 Qh4
43.Qxc5+ Kf7 44.Qc4+ Kg7 45.Ng3 Qh7 46.Qc7+ Kg8 47.Qd8+ Kg7 48.Qe7+ Kg8 49.Qe8+ Kg7
50.Nh5+ Kh6 51.Nxf6 Rxg2+ 52.Kxg2 Qc2+ 53.Kf3 Qc3+ 54.Kg4 Qxf6 55.Qh5+ Kg7
56.Qg5+ Kf7 57.Qxf6+ Kxf6 58.h4 b5 59.axb6  1-0

[Event "Yerevan ol (Men)"]
[Site "Yerevan"]
[Date "1996.??.??"]
[Round "8"]
[White "Garcia, Raul"]
[Black "Ramos, Domingo"]
[Result "0-1"]
[WhiteElo "2285"]
[BlackElo "2330"]

1.d4 d5 2.c4 c6 3.Nf3 Nf6 4.Nc3 dxc4 5.a4 Bf5 6.e3 e6 7.Bxc4 Bb4 8.O-O Nbd7
9.Qe2 Bg6 10.Rd1 O-O 11.Bd3 Bh5 12.e4 e5 13.d5 cxd5 14.Nxd5 Nxd5 15.exd5 f5
16.d6 e4 17.Bxe4 fxe4 18.Qxe4 Bxf3 19.gxf3 a5 20.Qxb7 Kh8 21.Be3 Rc8 22.f4 Qe8
23.Rd5 Qg6+ 24.Kf1 Qe4 25.Rad1 Qh1+ 26.Ke2 Rc2+  0-1

[Event "Zlin op"]
[Site "Zlin"]
[Date "1996.??.??"]
[Round "?"]
[White "Ulak, Slawomir"]
[Black "Janal, Vladimir"]
[Result "1-0"]
[WhiteElo "2310"]
[BlackElo "1960"]

1.d4 d5 2.c4 c6 3.Nf3 Nf6 4.Nc3 dxc4 5.a4 Bf5 6.e3 e6 7.a5 Bd6 8.Bxc4 O-O
9.Nh4 Bg4 10.Qb3 Qc7 11.h3 Bh5 12.g4 Bg6 13.Nxg6 hxg6 14.Kf1 Nbd7 15.h4 Nxg4
16.h5 gxh5 17.Rxh5 Ndf6 18.Rh1 e5 19.f3 exd4 20.exd4 Nh2+ 21.Kg2 Nxf3 22.Kxf3 Qd7
23.Ne2 Qf5+ 24.Kg2 Qg4+ 25.Kf1 Rae8 26.Qh3 Qxh3+ 27.Rxh3 Ne4 28.Nf4 Bxf4
29.Bxf4 g5 30.Bxg5 Nxg5 31.Rg3 Kg7 32.Rxg5+ Kf6 33.Rg2 Re4 34.Rd1 Rh8 35.Rd3 Rh1+
36.Kf2 Rf4+ 37.Rf3 Rxf3+ 38.Kxf3 Ra1 39.Ke4 Rxa5 40.Rf2+ Kg5 41.Rxf7 b6 42.Rc7 c5
43.d5 Ra1 44.d6 Rd1 45.Ke5 Rd4 46.d7 Kg6 47.Bd5  1-0

[Event "FRA-chT9697 final"]
[Site "Clichy"]
[Date "1997.05.02"]
[Round "9"]
[White "Bouton, Christophe"]
[Black "Zawadski, Stephane"]
[Result "1/2-1/2"]
[WhiteElo "2210"]
[BlackElo "2215"]

1.Nf3 d5 2.d4 Nf6 3.c4 c6 4.Nc3 dxc4 5.a4 Bf5 6.e3 e6 7.Bxc4 Bb4 8.O-O O-O
9.Qb3 Qe7 10.Ne5 c5 11.Na2 Nc6 12.Nxc6 bxc6 13.Nxb4 cxb4 14.f3 a5 15.e4 Bg6
16.Be3 Nd7 17.Rfd1 Rfe8 18.Rac1 f5 19.exf5 Bxf5 20.Bf1 Rec8 21.Bf2 Nf8 22.Rc5 Bg6
23.Rdc1 Qb7 24.Qc4 Be8 25.Rg5 Rd8 26.Qc2 Rd5 27.Rxd5 exd5 28.b3 Qf7 29.Bd3 Bd7
30.Bg3 h6 31.Re1 Ne6 32.Be5 Rf8 33.Qf2 Nf4 34.Bb1 Bf5 35.Bxf4 Bxb1 36.Bd6 Rd8
37.Qg3 Bg6 38.Rc1 Qe6 39.Be5 Rd7 40.f4 Be4 41.h3 Ra7 42.Rc5 Qd7 43.Qg4 Bf5
44.Qh4 Qe8 45.g4 Be4 46.f5 Kh7 47.Qg3 Bb1 48.Kf2 g6 49.f6 g5 50.Qg1 Be4 51.Qc1 Ra6
52.Kg3 Bg6 53.Qh1 Qg8 54.h4 gxh4+ 55.Qxh4 Be4 56.Bf4 Qg6 57.g5 h5 58.Be5 Bb1
59.Qf4 Qd3+ 60.Qf3 Qxf3+ 61.Kxf3 Kg6 62.Kf4 Ba2 63.Bc7 Bxb3 64.Rxa5 Rxa5
65.Bxa5 Bxa4 66.Ke5 b3 67.Bc3 c5 68.Ke6 Be8 69.dxc5 d4 70.Bxd4 h4 71.Ke7 h3
72.c6 h2 73.c7 h1=Q 74.c8=Q Qe4+ 75.Kf8 Bf7 76.Qd7 Qa8+ 77.Ke7 Qe4+ 78.Kf8 Qa8+  1/2-1/2

[Event "FRA-chT9697 final"]
[Site "Clichy"]
[Date "1997.05.02"]
[Round "9"]
[White "Legky, Nikolay A"]
[Black "Summerscale, Aaron"]
[Result "1-0"]
[WhiteElo "2535"]
[BlackElo "2500"]

1.d4 d5 2.c4 c6 3.Nc3 dxc4 4.Nf3 Nf6 5.a4 Bf5 6.Nh4 Bc8 7.e3 e5 8.Bxc4 exd4
9.exd4 Be7 10.O-O O-O 11.Re1 Nd5 12.Nf3 Be6 13.Qb3 Na6 14.Nxd5 cxd5 15.Bd3 Qb6
16.Qc2 h6 17.a5 Qd6 18.Qe2 Nb4 19.Bc2 Rfc8 20.Ne5 Bf6 21.Bf4 Qa6 22.Qd2 Qb5
23.Ra3 g5 24.h4 gxf4 25.Qxf4 Bg7 26.Rg3 Kf8 27.Nxf7 Bxf7 28.Qd6+ Kg8 29.Qxh6 Bg6
30.Qxg6 Rc7 31.Rf3  1-0

[Event "Drury Lane"]
[Site "London"]
[Date "1997.06.16"]
[Round "1"]
[White "Parker, Jonathan"]
[Black "Summerscale, Aaron"]
[Result "1/2-1/2"]
[WhiteElo "2495"]
[BlackElo "2500"]

1.d4 d5 2.c4 c6 3.Nf3 Nf6 4.Nc3 dxc4 5.a4 Bf5 6.e3 e6 7.Bxc4 Bb4 8.O-O O-O
9.Ne5 Nbd7 10.Qe2 Bg6 11.Nd3 a5 12.Bd2 Qb6 13.Nxb4 axb4 14.a5 Rxa5 15.Rxa5 Qxa5
16.Na2 Qb6 17.Bxb4 Ra8 18.Ba3 e5 19.Qd1 Rd8 20.Be7 Re8 21.Bxf6 Nxf6 22.dxe5 Rxe5
23.b4 Re8 24.Qb3 Ne4 25.Rd1 Rd8 26.Be2 Qc7  1/2-1/2

[Event "RUS-Cup9"]
[Site "Novgorod"]
[Date "1997.06.22"]
[Round "9"]
[White "Khatov, Anton"]
[Black "Annenkov, Kirill"]
[Result "1/2-1/2"]
[WhiteElo "2360"]
[BlackElo "2265"]

1.d4 d5 2.c4 c6 3.Nf3 Nf6 4.Nc3 dxc4 5.a4 Bf5 6.e3 e6 7.Bxc4 Bb4 8.O-O Nbd7
9.Qe2 O-O 10.e4 Bg6 11.Bd3 c5 12.e5 Ne8 13.Bg5 Bxd3 14.Qxd3 Nxe5 15.Nxe5 Qxg5
16.Nd7 Rd8 17.Nxf8 Kxf8 18.Qf3 cxd4 19.Qxb7 a5 20.Nb5 e5 21.f4 exf4 22.Rad1 d3
23.Qe4 Qc5+ 24.Kh1 Nf6 25.Qxf4 Qc2 26.Nd4 Qc4 27.Nb5  1/2-1/2

[Event "Drury Lane"]
[Site "London"]
[Date "1997.06.23"]
[Round "8"]
[White "Kumaran, Dharshan"]
[Black "Summerscale, Aaron"]
[Result "1/2-1/2"]
[WhiteElo "2500"]
[BlackElo "2500"]

1.d4 d5 2.c4 c6 3.Nf3 Nf6 4.Nc3 dxc4 5.a4 Bf5 6.Nh4 e6 7.Nxf5 exf5 8.e3 Na6
9.Bxc4 Nb4 10.O-O Qd7 11.f3 Be7 12.Qb3 O-O 13.a5 f4 14.Ra4 Nbd5 15.Bxd5 Nxd5
16.Nxd5 cxd5 17.exf4 Rac8 18.Bd2 g6 19.Raa1 Rc4 20.Qd3 Rfc8 21.Kh1 Bf6 22.Bc3 Kg7
23.Rfe1 b5 24.axb6 axb6 25.Ra6 b5 26.Qe3 R8c6 27.Rxc6 Qxc6 28.g4 Qb6 29.b3 Rc7
30.g5 Bd8 31.Bb4 f6 32.Qe8 Rf7 33.Bc5 Qc7 34.gxf6+ Bxf6 35.Qe3 Bh4 36.Qe5+ Qxe5
37.Rxe5 Rxf4 38.Rxd5 Rxf3 39.b4 Rf5 40.Rd7+ Rf7  1/2-1/2

[Event "Wch U20"]
[Site "Zagan"]
[Date "1997.07.19"]
[Round "6"]
[White "Ibraev, Nurlan"]
[Black "Morrison, Graham"]
[Result "1-0"]
[WhiteElo "2320"]
[BlackElo "2325"]

1.d4 d5 2.c4 c6 3.Nc3 Nf6 4.Nf3 dxc4 5.a4 Bf5 6.e3 e6 7.Bxc4 Bb4 8.O-O Nbd7
9.Qe2 O-O 10.e4 Bg6 11.Bg5 Bxc3 12.bxc3 Bxe4 13.Ne5 Bf5 14.g4 Bg6 15.f4 Nxe5
16.fxe5 Qa5 17.Bd2 Nd5 18.h4 h6 19.h5 Bh7 20.g5 hxg5 21.Qg4 Nf4 22.Kh2 Rad8
23.Rxf4 gxf4 24.Rg1 g6 25.Qxf4 Qxa4 26.Bd3 Qa2 27.Rg2  1-0

[Event "Komercni Banka op"]
[Site "Pardubice"]
[Date "1997.07.22"]
[Round "6"]
[White "Korobov, Ilya"]
[Black "Hasangatin, Ramil"]
[Result "0-1"]
[WhiteElo "2335"]
[BlackElo "2470"]

1.d4 d5 2.c4 c6 3.Nf3 Nf6 4.Nc3 dxc4 5.a4 Bf5 6.Ne5 e6 7.f3 Bb4 8.e4 Bxe4
9.fxe4 Nxe4 10.Bd2 Qxd4 11.Nxe4 Qxe4+ 12.Qe2 Bxd2+ 13.Kxd2 Qd5+ 14.Kc2 Na6
15.Nxc4 Ke7 16.Qe5 Rhd8 17.Be2 f6 18.Qxd5 cxd5 19.Na5 Rdc8+ 20.Kb3 Nc5+ 21.Ka3 b6
22.Nb3 e5 23.Rhd1 Nxb3 24.Kxb3 Rc5 25.Rd2 a5 26.Rf1 g6 27.h4 f5 28.h5 Kf6
29.hxg6 hxg6 30.Rh1 Kg7 31.Bb5 Rh8 32.Rhd1 d4 33.Rc2 Rxc2 34.Kxc2 Kf6 35.b4 Rc8+
36.Kd2 e4 37.Rb1 d3 38.bxa5 Rc2+ 39.Ke3  0-1

[Event "BCF-ch"]
[Site "Hove"]
[Date "1997.08.06"]
[Round "3"]
[White "Barnes, Michael"]
[Black "Ansell, Simon"]
[Result "0-1"]
[WhiteElo "2260"]
[BlackElo "2390"]

1.d4 d5 2.Nf3 Nf6 3.c4 c6 4.Nc3 dxc4 5.a4 Bf5 6.e3 e6 7.Bxc4 Bb4 8.O-O Nbd7
9.Qe2 Bg6 10.e4 O-O 11.Bd3 Qa5 12.Na2 Be7 13.Bd2 Qc7 14.Rac1 e5 15.d5 Nc5
16.Nc3 cxd5 17.Nxd5 Nxd5 18.exd5 Bxd3 19.Qxd3 Qd7 20.Qb5 Qxd5 21.Be3 b6 22.a5 e4
23.Nd4 Bf6 24.Rfd1 Rfd8 25.axb6 axb6 26.h3 Nd3 27.Qxd5 Rxd5 28.Ra1 Rxa1 29.Rxa1 h5
30.Ra8+ Kh7 31.Ne2 Nxb2 32.Bxb6 Rd1+ 33.Kh2 Be5+ 34.g3 Nc4 35.Bc5 Rd5 36.Bb4 h4
37.Kg2 hxg3 38.Nxg3 e3 39.fxe3 Nxe3+ 40.Kf3 Nc2  0-1

[Event "Chania op 7th"]
[Site "Chania"]
[Date "1997.09.05"]
[Round "3"]
[White "Bagaturov, Giorgi"]
[Black "Bras, Emanouel"]
[Result "1-0"]
[WhiteElo "2485"]
[BlackElo "2185"]

1.d4 d5 2.Nf3 Nf6 3.c4 c6 4.Nc3 dxc4 5.a4 Bf5 6.Nh4 e6 7.Nxf5 exf5 8.e3 Bb4
9.Bxc4 Qa5 10.Qb3 O-O 11.O-O Nbd7 12.Na2 Bd6 13.Qxb7 Qxa4 14.b3 Qa5 15.Qxc6 Qb6
16.Qf3 Qc7 17.Qxf5 Bxh2+ 18.Kh1 Bd6 19.e4 Rae8 20.Nc3 Qb8 21.Bd2 Nc5 22.e5 Bxe5
23.dxc5 Bxc3 24.Bxc3 Re4 25.Bxf6  1-0

[Event "Budapest FS09 IM"]
[Site "Budapest"]
[Date "1997.09.18"]
[Round "13"]
[White "Lehmann, Zoltan"]
[Black "Varga, Peter"]
[Result "1-0"]
[WhiteElo "2275"]
[BlackElo "2395"]

1.d4 d5 2.c4 c6 3.Nf3 Nf6 4.Nc3 dxc4 5.a4 Bf5 6.Ne5 c5 7.e4 Nxe4 8.Nxf7 Kxf7
9.Qf3 e6 10.g4 Nxc3 11.gxf5 Qd5 12.fxe6+ Ke8 13.Qf7+ Kd8 14.bxc3 Be7 15.Rg1 Rf8
16.Bg2 Qd6 17.Qxg7 Qxe6+ 18.Qe5 Qf7 19.Qd5+ Qxd5 20.Bxd5 Bh4 21.Be3 cxd4
22.cxd4 Nd7 23.Rg7 Rc8 24.Be6 Rc7 25.Rxh7 Be7 26.Ke2 Nf6 27.Rg7 Nh5 28.Rf7 Rh8
29.Rc1 c3 30.Kd3 Nf6 31.Bg5 Ne8 32.Rxe7 Rxe7 33.Rxc3 Nd6 34.d5  1-0

[Event "ISL-ch"]
[Site "Akureyri"]
[Date "1997.09.20"]
[Round "11"]
[White "Thorhallsson, Throstur"]
[Black "Gunnarsson, Jon Viktor"]
[Result "1-0"]
[WhiteElo "2510"]
[BlackElo "2315"]

1.d4 d5 2.c4 c6 3.Nf3 Nf6 4.Nc3 dxc4 5.a4 Bf5 6.Nh4 Bg4 7.f3 Bh5 8.g4 Bg6
9.e4 e6 10.g5 Nfd7 11.f4 Qa5 12.Bd2 Bb4 13.Qf3 c5 14.d5 exd5 15.exd5 O-O
16.f5 Ne5 17.Qg3 Bh5 18.Qxe5 Nc6 19.Qf4 Nd4 20.Kf2 f6 21.g6 hxg6 22.Nxg6 Rfe8
23.Bxc4 Bxg6 24.fxg6 Re5 25.Qh4 Rf5+ 26.Kg2  1-0

[Event "EUCup Gr3"]
[Site "Slough"]
[Date "1997.09.23"]
[Round "2"]
[White "Bjerke, Richard"]
[Black "Summerscale, Aaron"]
[Result "0-1"]
[WhiteElo "2270"]
[BlackElo "2420"]

1.d4 d5 2.c4 c6 3.Nf3 Nf6 4.Nc3 dxc4 5.a4 Bf5 6.Ne5 e6 7.f3 c5 8.e4 cxd4
9.exf5 Bb4 10.Bxc4 dxc3 11.Qxd8+ Kxd8 12.O-O cxb2 13.Bxb2 Ke7 14.g4 Rc8 15.Rac1 Nc6
16.Nxf7 Kxf7 17.Bxe6+ Kf8 18.Bxc8 Rxc8 19.Rfd1 Rc7 20.h4 Re7 21.Rc2 Nd7 22.Kf2 Nc5
23.g5 Ne5 24.Bc3 Ned3+ 25.Kg3 Bxc3 26.Rxc3 Re3 27.Rc2 b6 28.h5 Ne4+ 29.Kh4 Rxf3
30.Rc8+ Ke7 31.Rc7+ Ke8 32.Rxg7 Rf4+ 33.Kh3 Ndf2+ 34.Kg2 Nxd1 35.g6 Ne3+
36.Kg1 Rg4+ 37.Kh2 Rg2+ 38.Kh3 Ng5+  0-1

[Event "Makarska"]
[Site "Makarska"]
[Date "1997.10.03"]
[Round "1"]
[White "Bezold, Michael"]
[Black "Gabriel, Christian"]
[Result "1/2-1/2"]
[WhiteElo "2490"]
[BlackElo "2575"]

1.d4 d5 2.Nf3 c6 3.c4 Nf6 4.Nc3 dxc4 5.a4 Bf5 6.e3 e6 7.Bxc4 Bb4 8.O-O Nbd7
9.Qe2 Bg6 10.e4 O-O 11.Bd3 Bh5 12.e5 Nd5 13.Ne4 Be7 14.Ng3 Bg6 15.Bxg6  1/2-1/2

[Event "Budapest FS10 IM-B"]
[Site "Budapest"]
[Date "1997.10.06"]
[Round "2"]
[White "Paschall, William M"]
[Black "Becher, Helmut"]
[Result "1-0"]
[WhiteElo "2280"]
[BlackElo "2255"]

1.d4 d5 2.Nf3 c6 3.c4 Nf6 4.Nc3 dxc4 5.a4 Bf5 6.e3 e6 7.Bxc4 Bb4 8.O-O Nbd7
9.Qe2 Bg6 10.e4 Bxc3 11.bxc3 Nxe4 12.Ba3 Qa5 13.Rfc1 O-O-O 14.Be7 Rde8 15.Bb4 Qc7
16.a5 Nd6 17.Bb3 Bh5 18.a6 b6 19.Qd3 c5 20.Ba4 c4 21.Qe3 f6 22.Nd2 Rd8 23.Qxe6 Bf7
24.Qxd6  1-0

[Event "Hellir op"]
[Site "Reykjavik"]
[Date "1997.10.25"]
[Round "2"]
[White "Gretarsson, Helgi Ass"]
[Black "Gunnarsson, Jon Viktor"]
[Result "1-0"]
[WhiteElo "2475"]
[BlackElo "2315"]

1.d4 d5 2.c4 c6 3.Nc3 Nf6 4.Nf3 dxc4 5.a4 Bf5 6.Ne5 e6 7.f3 Bb4 8.Bg5 Be7
9.e4 Bg6 10.Be3 Nbd7 11.Nxc4 O-O 12.Be2 Qc7 13.O-O Rfd8 14.Qb3 b6 15.g3 a6
16.Bf4 Qa7 17.Rfd1 Nh5 18.Bd6 Bxd6 19.Nxd6 c5 20.d5 b5 21.Kg2 c4 22.Qb4 a5
23.Qxb5 Rab8 24.Qxc4 Ne5 25.Ndb5 Nxc4 26.Nxa7 Ne3+ 27.Kg1 Nxd1 28.Rxd1 Rxb2
29.Nc6 Rd7 30.Bb5 Rc2 31.d6  1-0

[Event "Hellir op"]
[Site "Reykjavik"]
[Date "1997.10.27"]
[Round "4"]
[White "Hillarp Persson, Tiger"]
[Black "Edvardsson, Kristjan"]
[Result "1-0"]
[WhiteElo "2445"]
[BlackElo "2210"]

1.d4 d5 2.c4 c6 3.Nf3 Nf6 4.Nc3 dxc4 5.a4 Bf5 6.Ne5 e6 7.f3 Bb4 8.e4 Bxe4
9.fxe4 Nxe4 10.Bd2 Qxd4 11.Nxe4 Qxe4+ 12.Qe2 Bxd2+ 13.Kxd2 Qd5+ 14.Kc2 O-O
15.Nxc4 Na6 16.Qe5 Rac8 17.Be2 f6 18.Qe3 b5 19.Rad1 Qf5+ 20.Bd3 Qg4 21.Nd6 Nb4+
22.Kb1 Nd5 23.Qg3 Qb4 24.Nxc8 Nc3+ 25.Kc1 Nxd1 26.Rxd1 Rxc8 27.Qe3 Re8 28.Qe2 Qc5+
29.Kb1 f5 30.axb5 cxb5 31.Bxb5 Re7 32.Bc4 Qb6 33.Qe5  1-0

[Event "Bahn-chT S+W"]
[Site "Friedrichroda"]
[Date "1997.11.01"]
[Round "7.1"]
[White "Trescher, Manfred"]
[Black "Walther, Hans Wolfgang"]
[Result "1-0"]
[WhiteElo "2193"]
[BlackElo "2146"]

1.d4 d5 2.c4 c6 3.Nc3 Nf6 4.Nf3 dxc4 5.a4 Bf5 6.e3 e6 7.Bxc4 Bb4 8.O-O O-O
9.Ne2 Nbd7 10.Ng3 Bg6 11.Bd2 Qa5 12.Qe2 c5 13.Rfd1 Rac8 14.Bb5 Rfd8 15.h4 h6
16.Bxb4 Qxb4 17.Rac1 cxd4 18.Nxd4 Nb6 19.h5 Bh7 20.Rxc8 Rxc8 21.Qd2 Qxd2
22.Rxd2 a6 23.a5 Nbd5 24.Be2 Rc1+ 25.Kh2 Rc5 26.Bf3 Rxa5 27.e4 Nc7 28.e5 Nfe8
29.Bxb7 Rxe5 30.Nf3 Rc5 31.Rd4 Kf8 32.Ra4 Nf6 33.Bxa6 Nxa6 34.Rxa6 Nxh5 35.b4 Rb5
36.Ra5 Rxa5 37.bxa5 Nxg3 38.Kxg3 Bd3 39.Ne5 Ke7 40.Nxd3  1-0

[Event "RUS-Cup01 Chigorin mem"]
[Site "St Petersburg"]
[Date "1997.11.07"]
[Round "7"]
[White "Tulchinsky, Mikhail"]
[Black "Kharitonov, Sergei"]
[Result "1-0"]
[WhiteElo "2305"]
[BlackElo "2100"]

1.d4 d5 2.c4 c6 3.Nc3 Nf6 4.Nf3 dxc4 5.a4 Bf5 6.e3 e6 7.Bxc4 Bb4 8.O-O Nbd7
9.Qe2 O-O 10.e4 Bg6 11.e5 Nd5 12.Ne4 Be7 13.a5 Rc8 14.Rd1 b5 15.Bb3 a6 16.Ng3 h6
17.Ne1 Re8 18.f4 f5 19.Nd3 Kh8 20.Bxd5 cxd5 21.Bd2 Nb8 22.Nb4 Qd7 23.Rdc1 Rxc1+
24.Rxc1 Rc8 25.Qd1 Rxc1 26.Qxc1 Be8 27.Kf2 Qb7 28.Ne2 Nc6 29.Nxc6 Qxc6 30.Qxc6 Bxc6
31.Nc1 g6 32.Nd3 Bb7 33.Bb4 Bxb4 34.Nxb4 Kg7 35.Nd3 Kf7 36.Ke3 Ke7 37.Kd2 Kd8
38.Kc3 Kc7 39.Ne1 Bc6 40.Kb4 Bd7 41.Kc5 Be8 42.Nc2 Bc6 43.Nb4 Bb7 44.b3 Bc8
45.Nc6 Bd7 46.Ne7 Be8 47.Ng8 h5 48.Nf6 Bc6 49.Nh7 Be8 50.Nf8 Bf7 51.g3 Bg8
52.Nxg6 Bf7 53.Nf8 Bg8 54.h3 Bf7 55.Nh7 Be8 56.b4 Bf7 57.Ng5 Bg8 58.h4  1-0

[Event "AUT-chT2O 9798"]
[Site "Austria"]
[Date "1997.11.09"]
[Round "3"]
[White "Nussbaumer, Johann"]
[Black "Stanka, Wolfgang"]
[Result "1/2-1/2"]
[WhiteElo "2145"]
[BlackElo "2130"]

1.d4 c6 2.c4 d5 3.Nf3 Nf6 4.Nc3 dxc4 5.a4 Bf5 6.Ne5 e6 7.f3 Bb4 8.Nxc4 O-O
9.Bg5 h6 10.Bh4 Be7 11.e4 Bg6 12.Qb3 Nbd7 13.Rd1 Qc8 14.Ne5 Nxe5 15.dxe5 Nd5
16.Bxe7 Nxe7 17.Be2 Qc7 18.f4 Rad8 19.O-O a6 20.Kh1 c5 21.Qc4 Qb6 22.Rxd8 Rxd8
23.Rd1 Rd4 24.Qa2 Qc6 25.Qb1 f6 26.exf6 gxf6 27.Bf3 Qd6 28.Qc1 Kg7 29.h3 Nc6
30.Qe3 Qc7 31.h4 Qb6 32.h5 Bh7 33.Rd2 Na5 34.Be2 Kf7 35.Rd1 Nc6 36.Rd2 Ne7
37.Bf3 Nc8 38.Kh2 Nd6 39.Rd1 Nc4 40.Qe2 Nxb2 41.Rb1 Rb4 42.a5 Qxa5 43.Rxb2 Rxb2
44.Qxb2 Qb4 45.Qc1 Kg7 46.Qe1 b5 47.Qg3+ Kf7 48.f5 e5 49.Nd5 Qd2 50.Qh4 Qg5
51.Qf2 Qc1 52.Qa2 Qe1 53.Qxa6 Qh4+ 54.Kg1 Qe1+ 55.Kh2 Qh4+  1/2-1/2

[Event "AUT-chT2O 9798"]
[Site "Austria"]
[Date "1997.12.08"]
[Round "6"]
[White "Karner, Christoph"]
[Black "Wadsack, Wolfgang"]
[Result "1-0"]
[WhiteElo "2155"]
[BlackElo "2185"]

1.d4 d5 2.c4 dxc4 3.Nf3 Nf6 4.Nc3 c6 5.a4 Bf5 6.e3 e6 7.Bxc4 Bb4 8.O-O O-O
9.Nh4 Bg4 10.f3 Bh5 11.g4 Nd5 12.Ng2 Bg6 13.Qb3 Qb6 14.Bd2 a5 15.Rad1 Nd7
16.e4 Bxc3 17.bxc3 Qxb3 18.Bxb3 N5b6 19.h4 h6 20.Be3 Rac8 21.Nf4 Bh7 22.g5 Rfe8
23.gxh6 g6 24.Nd3 Na8 25.Nc5 Rc7 26.Bf4 Nxc5 27.dxc5 Rce7 28.Bg5 Rc7 29.Bd8 Rc8
30.Bxa5 Kf8 31.Rd7 Re7 32.Rfd1 Rce8 33.Bd8 Rxd7 34.Rxd7 Bg8 35.Bf6 Rb8 36.a5 Bh7
37.Be5  1-0

[Event "Rishon Le Ziyyon 9798"]
[Site "Rishon Le Ziyyon"]
[Date "1997.12.26"]
[Round "2"]
[White "Golod, Vitali"]
[Black "Postniy, Evgeny"]
[Result "1-0"]
[WhiteElo "2515"]
[BlackElo "2175"]

1.d4 d5 2.c4 c6 3.Nf3 Nf6 4.Nc3 dxc4 5.a4 Bf5 6.e3 e6 7.Bxc4 Bb4 8.O-O O-O
9.Qe2 Bg4 10.Rd1 Nbd7 11.e4 Qe7 12.e5 Nd5 13.h3 Bh5 14.Ne4 f5 15.exf6 N7xf6
16.Ng3 Bxf3 17.Qxf3 e5 18.Bg5 Rad8 19.Qf5 exd4 20.Rxd4 Bc5 21.Rd2 Kh8 22.Kh1 h6
23.Re2 Qc7 24.Bd2 Nd7 25.Qh5 N5f6 26.Qh4 Ne5 27.Bf4 Bd6 28.Bxe5 Bxe5 29.Nf5 Nd5
30.Nxh6 Bf6 31.Nf7+ Kg8 32.Ng5 Bxg5 33.Qxg5 Qf4 34.Qxf4 Rxf4 35.b3 Rd4 36.Rae1 Kf8
37.g3 Nc3 38.Re3 Nd5 39.Rf3+ Kg8 40.Kg2 a6 41.a5 Rf8 42.Rd3 Rxd3 43.Bxd3 Rd8
44.Bc4 Kf8 45.f4 Nf6 46.Kf3 Rd2 47.g4 Nd7 48.g5 Ra2 49.b4 Rd2 50.Be6 Ke7
51.Bf5+ Kf7 52.h4 c5 53.bxc5 Nxc5 54.h5 Rd8 55.Re5 Nd3 56.Bg6+ Kf8 57.Rf5+ Kg8
58.Bf7+ Kh8 59.Rd5 Rxd5 60.Bxd5  1-0

[Event "Pamplona 9798"]
[Site "Pamplona"]
[Date "1997.12.30"]
[Round "3"]
[White "San Segundo, Pablo"]
[Black "Illescas Cordoba, Miguel"]
[Result "1/2-1/2"]
[WhiteElo "2495"]
[BlackElo "2585"]

1.d4 Nf6 2.Nf3 d5 3.c4 c6 4.Nc3 dxc4 5.a4 Bf5 6.Ne5 e6 7.f3 Bb4 8.e4 Bxe4
9.fxe4 Nxe4 10.Bd2 Qxd4 11.Nxe4 Qxe4+ 12.Qe2 Bxd2+ 13.Kxd2 Qd5+ 14.Kc3 Na6
15.Nxc4 O-O 16.Qe5 f6 17.Qxd5 cxd5 18.Nd6 Rab8 19.b4 Nc7 20.Rc1 Rfd8 21.Kb3 Na8
22.Nb5 a6 23.Nd4 Kf7 24.g3 e5 25.Nf3 Rbc8 26.Bh3 Rc4 27.Rhd1 Ke7 28.Bf1 Rxc1  1/2-1/2

[Event "Alushta-B"]
[Site "Alushta"]
[Date "1997.??.??"]
[Round "10"]
[White "Rakhmangulov, Andrei"]
[Black "Rosanov, Lev I"]
[Result "1-0"]
[WhiteElo "2420"]
[BlackElo "2155"]

1.d4 Nf6 2.Nf3 d5 3.c4 c6 4.Nc3 dxc4 5.a4 Bf5 6.e3 e6 7.Bxc4 Bb4 8.O-O O-O
9.Qb3 Qe7 10.Na2 Bd6 11.Nc3 a5 12.Re1 Bb4 13.Bd2 Rd8 14.h3 c5 15.Nb5 Nc6
16.Bc3 Ne4 17.Rad1 g5 18.Nd2 h5 19.Nxe4 Bxe4 20.d5 exd5 21.Bxd5 Bg6 22.e4 g4
23.hxg4 hxg4 24.Bxb4 axb4 25.e5 Kg7 26.e6 f5 27.Qe3 Rxa4 28.Bxc6 bxc6 29.Qe5+ Kh6
30.Rxd8 Qxd8 31.e7 Qd7 32.Nd6 b3 33.Nxf5+ Bxf5 34.e8=Q Kg5  1-0

[Event "Andorra op"]
[Site "Andorra"]
[Date "1997.??.??"]
[Round "5"]
[White "Oms Pallise, Josep"]
[Black "Garcia, Raul"]
[Result "0-1"]
[WhiteElo "2450"]
[BlackElo "2280"]

1.d4 d5 2.c4 c6 3.Nf3 Nf6 4.Nc3 dxc4 5.a4 Bf5 6.Ne5 Nbd7 7.Nxc4 Nb6 8.Na5 Qd7
9.f3 e6 10.e4 Bg6 11.Nb3 a5 12.Nc5 Qc7 13.Be3 Nfd7 14.Qd2 Nxc5 15.dxc5 Nd7
16.Qf2 Be7 17.Be2 f5 18.exf5 exf5 19.O-O O-O 20.Bc4+ Bf7 21.Bxf7+ Rxf7 22.Rad1 Re8
23.Nb1 Bf8 24.Bd4 Nf6 25.Nc3 Rd8 26.f4 Ng4 27.Qe2 Rxd4 28.Rxd4 Bxc5 29.Qc4 Qd6  0-1

[Event "Andorra op"]
[Site "Andorra"]
[Date "1997.??.??"]
[Round "9"]
[White "Pogorelov, Ruslan"]
[Black "Garcia, Raul"]
[Result "1-0"]
[WhiteElo "2465"]
[BlackElo "2280"]

1.Nf3 d5 2.d4 Nf6 3.c4 c6 4.Nc3 dxc4 5.a4 Bf5 6.e3 e6 7.Bxc4 Bb4 8.O-O Nbd7
9.Qe2 Bg4 10.e4 O-O 11.e5 Nd5 12.Nxd5 cxd5 13.Bd3 f6 14.h3 Bxf3 15.Qxf3 f5
16.Qe2 Rc8 17.f4 Nb8 18.g4 Nc6 19.Be3 g6 20.Kh2 Ba5 21.Rad1 Nb4 22.Bb1 Qd7
23.gxf5 exf5 24.Qb5 Qxb5 25.axb5 Bb6 26.Rc1 Kf7 27.Bd2 a5 28.Be3 Ke6 29.Kg3 Rc4
30.b3 Rcc8 31.Kf3 Rfd8 32.h4 Rxc1 33.Rxc1 h5 34.Rg1 Rg8 35.Rg5 Kf7 36.Bxf5 gxf5
37.e6+  1-0

[Event "GER-ch U20"]
[Site "Apolda"]
[Date "1997.??.??"]
[Round "5"]
[White "Gottschlich, Carsten"]
[Black "Lytchak, Alexander"]
[Result "0-1"]
[WhiteElo "2225"]
[BlackElo "2305"]

1.d4 d5 2.c4 c6 3.Nf3 Nf6 4.Nc3 dxc4 5.a4 Bf5 6.e3 e6 7.Bxc4 Nbd7 8.Qe2 Bb4
9.O-O O-O 10.e4 Bg6 11.Bd3 Re8 12.h3 Qc7 13.Bg5 Nh5 14.e5 Bxd3 15.Qxd3 f6
16.g4 fxg5 17.gxh5 h6 18.h4 Nb6 19.hxg5 Bxc3 20.bxc3 Qf7 21.gxh6 Qxh5 22.hxg7 Kxg7
23.Nh2 Rh8 24.Qg3+ Kf7 25.f3 Nd5 26.Ng4 Qg5 27.f4 Qf5 28.Ra2 Rh5 29.c4 Rah8
30.Rb2 Nb6 31.c5 Qe4 32.Rg2 Rh1+ 33.Kf2 Qc2+ 34.Ke3 Nd5+  0-1

[Event "EU-ch Rapid (Women)"]
[Site "Athens"]
[Date "1997.??.??"]
[Round "9"]
[White "Nicoara Etchegaray, Malina"]
[Black "Regan, Natasha"]
[Result "1/2-1/2"]
[WhiteElo "2210"]
[BlackElo "2170"]

1.d4 d5 2.c4 c6 3.Nf3 Nf6 4.Nc3 dxc4 5.a4 Bf5 6.e3 e6 7.Bxc4 Bb4 8.O-O O-O
9.Qe2 Bg6 10.Ne5 Nbd7 11.Nd3 Bd6 12.h3 Qe7 13.f4 c5 14.Ne5 Rac8 15.Bb3 Bb8
16.Bd2 a6 17.Kh2 Qd6 18.Nxg6 hxg6 19.dxc5 Nxc5 20.Bc2 e5 21.Rad1 exf4 22.exf4 Rfe8
23.Qf3 Qb6 24.Rb1 Nb3 25.Bxb3 Qxb3 26.Kh1 Rcd8 27.Be1 Qc4 28.Bh4 Rd3 29.Qxb7 Bxf4
30.Bf2 Nh5 31.Rfe1 Be3 32.Bxe3 Rdxe3 33.Rxe3 Rxe3 34.Qd5 Qf4 35.Kg1 Re5 36.Qa8+ Kh7
37.Qxa6 Qd2 38.Qf1  1/2-1/2

[Event "AUT-chT2S 9697"]
[Site "Austria"]
[Date "1997.??.??"]
[Round "9"]
[White "Krebs, Johann"]
[Black "Emberger, Juergen"]
[Result "1-0"]
[WhiteElo "2130"]
[BlackElo "2040"]

1.d4 d5 2.c4 c6 3.Nf3 Nf6 4.Nc3 dxc4 5.a4 Bf5 6.e3 e6 7.Bxc4 Bb4 8.O-O O-O
9.Nh4 Bg6 10.Nxg6 hxg6 11.Qb3 Qe7 12.Rd1 a5 13.Na2 Bd6 14.Bd2 Nbd7 15.Rac1 b6
16.Nc3 e5 17.d5 Nc5 18.Qc2 cxd5 19.Nxd5 Nxd5 20.Bxd5 Rac8 21.Qxg6 Nxa4 22.Rxc8 Rxc8
23.b3 Nc3 24.Bxc3 Rxc3 25.h4 Qf6 26.Bxf7+ Qxf7 27.Qxd6 Qf6 28.Qd5+ Kh8 29.g3 Qc6
30.Qxc6 Rxc6 31.Rd5 Rc3 32.Rb5 Rc1+ 33.Kg2 Rb1 34.Kf3 a4 35.bxa4 Ra1 36.Rxb6 Rxa4
37.Re6 Ra5 38.Ke4 Ra2 39.Re8+ Kh7 40.Rf8 Ra5 41.Rf5 Ra4+ 42.Kxe5 Kg6 43.h5+ Kh6
44.e4  1-0

[Event "Wch Seniors"]
[Site "Bad Wildbad"]
[Date "1997.??.??"]
[Round "3"]
[White "Lieb, Harald"]
[Black "Reer, Erdmann"]
[Result "1/2-1/2"]
[WhiteElo "2245"]
[BlackElo "1969"]

1.d4 d5 2.c4 c6 3.Nf3 Nf6 4.Nc3 dxc4 5.a4 Bf5 6.e3 e6 7.Bxc4 Bb4 8.O-O O-O
9.Qe2 Nbd7 10.Rd1 Qc7 11.e4 Bg4 12.e5 Nd5 13.Nxd5 cxd5 14.Bd3 Be7 15.h3 Bxf3
16.Qxf3 g6 17.Bd2 Rfc8 18.Qe2 Qd8 19.f4 Nf8 20.g4 a6 21.f5 exf5 22.gxf5 Bg5
23.Bc3 Bh6 24.Kh1 Qh4 25.Qg2 Kh8 26.fxg6 Nxg6 27.Be1 Qh5 28.Be2 Qg5 29.Bg4 Nf4
30.Qf3 Rc2 31.Rd2 Rc4 32.b3 Rc6 33.Rf2 f5 34.Bd2 fxg4 35.Qxf4 Qxf4 36.Bxf4 Rf8
37.Raf1 Rxf4 38.Rxf4 Bxf4 39.Rxf4 gxh3 40.Rf8+ Kg7 41.Rd8 Rb6 42.Rxd5 Kf7
43.Rd7+ Ke6 44.Rxh7 Rxb3 45.Rh6+ Kf5 46.a5 Kg4 47.e6 Rb1+ 48.Kh2 Rb2+ 49.Kg1 h2+  1/2-1/2